000 00264nam a2200097Ia 4500
001 957702
005 20250826215849.0
008 250824s9999 xx 000 0 und d
245 0 _aOSMANLIDAN CUMHURİYETE İKTİDAR OYUNU
_cAVNİ ÖZGÜREL
260 _bKETEBE YAYINLARI
999 _c957702
_d957702